LIBRARY & INFORMATION CENTRE, KCAET, TAVANUR

ONLINE PUBLIC ACCESS CATALOGUE (OPAC)

Design and analysis of experiments / (Record no. 10289)

MARC details
000 -LEADER
fixed length control field 00485cam a2200193ua 4500
020 ## - INTERNATIONAL STANDARD BOOK NUMBER
ISBN 0-85226-914-5
041 ## - LANGUAGE CODE
Language code of text/sound track or separate title eng
082 ## - DEWEY DECIMAL CLASSIFICATION NUMBER
Classification number 620.0042
Item number DAS/DE
100 ## - MAIN ENTRY--AUTHOR NAME
Personal name Das, M N .
245 ## - TITLE STATEMENT
Title Design and analysis of experiments /
250 ## - EDITION STATEMENT
Edition statement 2 /
260 ## - PUBLICATION, DISTRIBUTION, ETC. (IMPRINT)
Place of publication New Delhi :
Name of publisher Wiley Eastern Ltd ,
Year of publication 1988.
300 ## - PHYSICAL DESCRIPTION
Number of Pages 488 ; .
700 1# - ADDED ENTRY--PERSONAL NAME
Personal name Giri, N C .
942 ## - ADDED ENTRY ELEMENTS (KOHA)
Koha item type Books
Holdings
Withdrawn status Lost status Damaged status Home library Current library Date acquired Full call number Accession Number Koha item type
      KAUAET KAUAET 07/04/2012 620.0042 DAS/DE 16563 Books
free website counter